| 000 | 00573nam a2200205 i 4500 | ||
|---|---|---|---|
| 001 | 49154 | ||
| 003 | ES-MaACL | ||
| 005 | 20250813063305.0 | ||
| 007 | t| | ||
| 008 | 030710s1966 sp |||| | spa d | ||
| 100 | 1 |
_aCorrochano, Gregorio, _d1882-1961 _940789 |
|
| 245 | 1 | 0 |
_aCuando suena el clarín / _cGregorio Corrochano. |
| 250 | _a2ª ed. | ||
| 260 |
_aMadrid : _bAlianza, _c1966. |
||
| 300 |
_a224 p. ; _c18 cm. |
||
| 650 | 4 |
_aCorridas de toros. _911370 |
|
| 650 | 4 |
_aToreros- _zEspaña. _9150954 |
|
| 852 |
_aES-MaACL _jC-29667 |
||
| 999 |
_c49154 _d49154 |
||